Normal view
MARC view
- Wachowicz, John Martin
Entry Personal Name
001 - CONTROL NUMBER
- control field: 84915
003 - CONTROL NUMBER IDENTIFIER
- control field: NUST
005 - DATE AND TIME OF LATEST TRANSACTION
- control field: 20211123114504.0
008 - FIXED-LENGTH DATA ELEMENTS
- fixed length control field: 211123|| aca||aabn | a|a d
040 ## - CATALOGING SOURCE
- Original cataloging agency: NUST
- Transcribing agency: NUST
100 ## - HEADING--PERSONAL NAME
- Personal name: Wachowicz, John Martin
670 ## - SOURCE DATA FOUND
- Source citation: Work cat.: (NUST)31598: Van Horne, James C. 84914, Fundamentals of financial management /, 2008.
